header

Cahuachi in the ancient Nasca world (Record no. 34461)

MARC details
000 -LEADER
fixed length control field 01308nam a2200325Ia 4500
100 1# - MAIN ENTRY--AUTHOR NAME
Personal name Silverman, Helaine.
245 10 - TITLE STATEMENT
Title Cahuachi in the ancient Nasca world
260 ## - PUBLICATION, DISTRIBUTION, ETC. (IMPRINT)
Place of publication Iowa City :
Name of publisher University of Iowa Press,
Year of publication c1993.
300 ## - PHYSICAL DESCRIPTION
Number of Pages xiv, 371 p. :
Other physical details ill., maps.
500 ## - GENERAL NOTE
General note "Published with the assistance of the Getty Grant Program"--T.p. verso.
650 #0 - SUBJECT ADDED ENTRY--TOPICAL TERM
Topical Term Nazca culture.
856 40 - ELECTRONIC LOCATION AND ACCESS
Uniform Resource Identifier http://site.ebrary.com/lib/rucke/Doc?id=10354462

No items available.

© 2026 Rongo University
Contact us: librarian | system librarian | Rongo university